Statistics for The 12 Horoscopes

Click here to take the quiz!

General Stats

  • This quiz has been taken 230 times
  • The average score is 10 of 12

Answer Stats

Time SpanHoroscope% Correct
June 21- July 22Cancer
94%
July 23 - August 22Leo
92%
November 22 - December 21Sagittarius
91%
May 21 - June 20Gemini
89%
April 20 - May 20Taurus
89%
September 23 - October 22Libra
88%
October 23 - November 21Scorpio
88%
January 20 - Febuary 19Aquarius
86%
February 20 - March 20Pisces
85%
August 23 - September 22Virgo
85%
March 21 - April 29Aries
83%
December 22 - January 19Capricorn
80%

Score Distribution

Percentile by Number Answered

Percent of People with Each Score

Your Score History

You have not taken this quiz